00514 2200193 4500001002100000005001500021008004100036020002200077035001900099041000700118082001500125090002100140100001800161245003700179250001000216260004000226300004100266650001300307INLIS00000000001466720241224114805241224||||||||| | ||| |||| || |  a978-602-9018-19-6 0010-1224014667 aid0 a610.730699 a610.730699 ARI p0 aArita Murwani00aperaawatan pasien penyakit dalam acet.1 aYogyakartabGosyen Publishingc2011 ax + 186 hlm.; 1 jilid; 14 cm x 20 cm 0aPenyakit